000
00272nam a22001217a 4500
082
_a
823
_b
THO/M
100
_a
THOMAS, VERNON
245
_a
THE MYSTERY OF THE KIDNAPPED BOY
260
_a
BOMBAY
_b
B-Y-S
_c
1995
300
_a
110
650
_a
ENGLISH STORY
_z
INDIA
942
_c
BK
999
_c
7372
_d
7372